000 01783nam a2200325 a 4500
003 PILC
005 20241030153328.0
008 941222s1994 caua b 000 0 eng d
010 _aAcc#28330
020 _a0912552662
035 _a(OCoLC)31732820
040 _aOCoE
_cPhilippine Baptist Theological Seminary
_dKyWA
_dDLC
042 _alccopycat
050 0 0 _aBV 2061
_bR533 1994
082 0 0 _a266/.001
_220
100 1 _aRobb, John D.
245 1 0 _aFocus! :
_bthe power of people group thinking : a practical manual for planning effective strategies to reach the unreached /
_cJohn D. Robb.
250 _aNew expanded ed.
260 _aMonrovia, Calif. :
_bMARC,
_cc1994.
300 _a167 p. :
_bill. ;
_c21 cm.
504 _aBibliography: p. [159]-164.
505 _a1 Focusing to reach unreached people groups What is a "people group"? What is "people group thinking"? Some advantages to this approach Research and people groups Planning a strategy that works 2 Practical procedures for people group thinking Surveying documents and experts The participatory evaluation process The ethnographic approach Sharing the results of your research 3 Releasing God's power through prayer Prayer releases God's power for mission to the unreached Nine compelling reasons to pray The challenge of linking the global prayer movement with frontier missions 4 Networking the whole church Networks link Christian workers for outreach What is networking? Getting practical
650 0 _aMissions
_xTheory.
650 0 _aEvangelistic work.
650 0 _aChristianity and culture.
906 _a7
_bcbc
_ccopycat
_d3
_encip
_f19
_gy-gencatlg
942 _2ddc
_cCB
999 _c70065
_d70065